书目信息 |
| 题名: |
法语口译笔记法实战指导
|
|
| 作者: | 苏昉 主编 | |
| 分册: | ||
| 出版信息: | 武汉 武汉大学出版社 2010.04 |
|
| 页数: | 403页 | |
| 开本: | 24cm | |
| 丛书名: | 口译笔记法实战指导丛书 | |
| 单 册: | ||
| 中图分类: | H325.9 | |
| 科图分类: | ||
| 主题词: | 法语--fa yu--口译--自学参考资料 | |
| 电子资源: | ||
| ISBN: | 978-7-307-07582-5 | |
| 000 | 01073nam 2200289 450 | |
| 001 | 012010169020 | |
| 005 | 20101107083503.20 | |
| 010 | @a978-7-307-07582-5@dCNY38.00 (含光盘) | |
| 010 | @a978-7-88927-056-4@b光盘 | |
| 100 | @a20101107d2010 em y0chiy0120 ea | |
| 101 | 0 | @achi@afre |
| 102 | @aCN@b420000 | |
| 105 | @ay a 000yy | |
| 106 | @ar | |
| 200 | 1 | @a法语口译笔记法实战指导@Afa yu kou yi bi ji fa shi zhan zhi dao@d= Traduction orale methode pour faire des notes@f苏昉主编@Fzhu bian su fang@zfre |
| 210 | @a武汉@c武汉大学出版社@d2010.04 | |
| 215 | @a403页@d24cm@e光盘1片 | |
| 225 | 2 | @a口译笔记法实战指导丛书@Akou yi bi ji fa shi zhan zhi dao cong shu |
| 320 | @a有书目 (第401-403页) | |
| 330 | @a本书由14个章节组成。是为从业人员和口译的学生而编写的实战指南书。 | |
| 410 | 0 | @12001 @a口译笔记法实战指导丛书 |
| 510 | 1 | @aTraduction orale methode pour faire des notes@zfre |
| 606 | 0 | @a法语@Afa yu@x口译@j自学参考资料 |
| 690 | @aH325.9@v4 | |
| 701 | 0 | @a苏昉@Asu fang@4主编 |
| 801 | 0 | @aCN@bRULIN@c20101107 |
| 905 | @b788212-14@dH325.9@eS804@f3 | |
| 法语口译笔记法实战指导= Traduction orale methode pour faire des notes/苏昉主编.-武汉:武汉大学出版社,2010.04 |
| 403页;24cm+光盘1片.-(口译笔记法实战指导丛书) |
| ISBN 978-7-307-07582-5:CNY38.00 (含光盘) |
| 本书由14个章节组成。是为从业人员和口译的学生而编写的实战指南书。 |
| ● |
| 相关链接 |
|
|
|
正题名:法语口译笔记法实战指导
索取号:H325.9/S804
 
预约/预借
| 序号 | 登录号 | 条形码 | 馆藏地/架位号 | 状态 | 备注 |
| 1 | 788212 | 207882120 | 语言库209/209语言库 116排2列2层/ [索取号:H325.9/S804] | 在馆 | |
| 2 | 788213 | 207882139 | 语言库209/209语言库 116排2列2层/ [索取号:H325.9/S804] | 在馆 | |
| 3 | 788214 | 207882148 | 语言库209/209语言库 116排2列2层/ [索取号:H325.9/S804] | 在馆 |